Účtovná závierka ako komunikačný prostriedok podniku bakalárska práca

Saved in:
Bibliographic Details
Main Author: Jurčíková, Mária
Corporate Author: Fakulta hospodárskej informatiky EU. Katedra účtovníctva a audítorstva
Other Authors: Rybka, Lukáš
Format: Book
Language:Slovak
Published: Bratislava 2013
Tags: Add Tag
No Tags, Be the first to tag this record!

MARC

LEADER 00000nbm a2200000 4500
001 0173189
005 20161109112145.5
041 0 |a slo 
044 |a SK 
245 1 0 |a Účtovná závierka ako komunikačný prostriedok podniku  |b bakalárska práca  |c Mária Jurčíková ; školiteľ: Lukáš Rybka 
264 1 |a Bratislava  |c 2013 
300 |a 44 s. 
100 1 |a Jurčíková, Mária 
700 1 |a Rybka, Lukáš 
710 2 |a Fakulta hospodárskej informatiky EU. Katedra účtovníctva a audítorstva